01168nam a2200193Ia 4500001001100000003001000011008004100021040002500062041001300087100002000100245007200120250001100192260009000203300001100293500026000304501011400564520026000678650003600938L200-55021IT-CnALBA170116s9999||||xx |||||||||||||| ||und|| aIT-CnALBAcIT-CnALBA aITALIANO aMAZZONI LUCIANO 0aLITURGIA COSMICA. CREATURE ELEMENTI COLORI CELEBRANO L'EUCARESTIA.  a1a ed. a NEGARINEbIL SEGNO DEI GABRIELLI ED. c2000 [1° Ed.:2000 - Ed.Ling.Originale: 2000] a38 p.  aUN FUTURO PER L'UOMO. NEL GIUBILEO, DENTRO IL MISTERO. PER LA CELEBRAZIONE LITURGICA. PER LA VITA DEL CREDENTE. CARATTERE SACRAMENTALE DEL COSMO. IL QUADRUPLICE CORPO DI CRISTO. LA RISURREZIONE E LA LITURGIA COSMICA. CON LE PAROLE DI TEILHARD DE CHARDIN.  aSocietà San Paolo EM - Piazza San Paolo, 14 - 12051 ALBA (CN) (non commercial uses only) ® Copyright 2017 aUN FUTURO PER L'UOMO. NEL GIUBILEO, DENTRO IL MISTERO. PER LA CELEBRAZIONE LITURGICA. PER LA VITA DEL CREDENTE. CARATTERE SACRAMENTALE DEL COSMO. IL QUADRUPLICE CORPO DI CRISTO. LA RISURREZIONE E LA LITURGIA COSMICA. CON LE PAROLE DI TEILHARD DE CHARDIN.  aRELIGIONE - RELIGIONE CRISTIANA